| 000 | 00572cam a2200229 a 4500 | ||
|---|---|---|---|
| 001 | 4295993 | ||
| 005 | 20180214032906.0 | ||
| 008 | 860326s1986 caua b 001 0 eng | ||
| 010 | _a 86006663 | ||
| 020 | _a0803928300 | ||
| 020 | _a0803928319 (pbk.) | ||
| 040 |
_aDLC _cDLC _dDLC |
||
| 041 | _aeng | ||
| 080 | _a658.4 MOR | ||
| 082 | 0 | 0 |
_a658.4 MOR _219 |
| 100 | 1 | _a54 | |
| 101 | _aLID | ||
| 245 | 1 | 0 |
_aImages of organization / _cGareth Morgan. |
| 504 | _aBibliography: p. 385-409. | ||
| 906 |
_a7 _bcbc _corignew _d1 _eocip _f19 _gy-gencatlg |
||
| 942 |
_2ddc _cBK |
||
| 999 |
_c42439 _d42439 |
||